| 000 | 00438 a2200145 4500 | ||
|---|---|---|---|
| 005 | 20250616164424.0 | ||
| 020 | _a978-0-7487-9086-9 | ||
| 082 | _a004.076 DOY | ||
| 100 | _aDOYLE, S. | ||
| 245 | _aICT Framework Solutions. | ||
| 260 |
_aLondon, _bNelson Thornes Ltd, _c2004. |
||
| 300 |
_avi, 263p.: il.; graph, picture, table _bGlossary & Index _c28cm. |
||
| 856 |
_yAccess Online Book _fICT _dwww.nelsonthornes.com/solutions |
||
| 942 |
_2ddc _cBKS |
||
| 999 |
_c139 _d139 |
||